Loading...
Literature - European Literature | 0 | 8 | 0 | 0 | 80 | 37 | 66.75 | 5 | 7 |
Science - Chemistry | 0 | 7 | 0 | 2 | 70 | 14 | 67.57 | 2 | 7 |
Literature - World Literature | 0 | 6 | 1 | 0 | 55 | 60 | 84.00 | 2 | 5 |
Literature - British Literature | 0 | 5 | 1 | 0 | 45 | 67 | 91.80 | 1 | 5 |
Philosophy | 0 | 5 | 2 | 0 | 40 | 61 | 90.60 | 1 | 4 |
Science - Biology | 0 | 4 | 0 | 0 | 40 | 63 | 69.50 | 2 | 3 |
Fine Arts - Painting & Sculpture | 0 | 4 | 1 | 0 | 35 | 44 | 67.75 | 2 | 3 |
Literature - American Literature | 0 | 4 | 2 | 0 | 30 | 19 | 48.50 | 2 | 4 |
Fine Arts - Classical Music | 0 | 4 | 3 | 0 | 25 | 47 | 76.25 | 3 | 3 |
Other | 0 | 2 | 0 | 1 | 20 | 90 | 103.50 | 1 | 1 |
Fine Arts - Other Fine Arts | 0 | 3 | 3 | 0 | 15 | 67 | 97.33 | 1 | 3 |
History - European History | 0 | 2 | 2 | 0 | 10 | 84 | 86.50 | 1 | 2 |
Social Science | 0 | 1 | 0 | 0 | 10 | 97 | 97.00 | 0 | 1 |
History - Other History | 0 | 1 | 1 | 0 | 5 | 30 | 30.00 | 1 | 1 |
Mythology | 0 | 1 | 1 | 0 | 5 | 127 | 127.00 | 0 | 1 |
Science - Other Science | 0 | 1 | 1 | 0 | 5 | 89 | 89.00 | 0 | 1 |
Religion | 0 | 1 | 2 | 0 | 0 | 128 | 128.00 | 0 | 1 |
History - American History | 0 | 0 | 1 | 0 | -5 | 0.00 | 0 | 0 | |
History - World History | 0 | 0 | 1 | 0 | -5 | 0.00 | 0 | 0 | |
Science - Physics | 0 | 0 | 2 | 0 | -10 | 0.00 | 0 | 0 |